000 00306nam a22001337a 4500
008 171023b xxu||||| |||| 00| 0 eng d
020 _a9781881052449
041 _aeng
080 _a658
100 _a54
101 _aLED
245 _aLEADERSHIP AND THE NEW SCIENCE
_cWHEATLEY.M.J
942 _2udc
_cBK
999 _c35388
_d35388